| 000 | 01118cam a2200289 a 4500 | ||
|---|---|---|---|
| 001 | 13249107 | ||
| 005 | 20040402101856.0 | ||
| 008 | 030623s1960 pau | b 001 0 eng d | ||
| 020 | _a0446310786 | ||
| 020 | _a9780446310789 | ||
| 040 |
_aDLC _cDLC _dDLC |
||
| 050 | 0 | 0 |
_aPS3562.E353 _bT6335 2004 |
| 082 | 0 | 0 |
_221 _a813.54 _bLEE |
| 100 | 1 |
_aLee, Harper. _914208 |
|
| 245 | 0 | 0 |
_aTo kill A Mockingbird / _cHarper Lee. |
| 246 | 3 | 0 | _aTo kill a mockingbird |
| 260 |
_aNew York : _bGrand Central, _cc1960. |
||
| 300 |
_a376 p. ; _c23 cm. |
||
| 500 | _aWinner of the Pulitzer prize | ||
| 500 | _a"Free Anniversary Edition"--- Cover | ||
| 650 |
_aFathers and daughters in literature. _910572 |
||
| 650 |
_aRace relations in literature. _914209 |
||
| 650 |
_aLawyers in literature. _914210 |
||
| 942 |
_2ddc _cBB |
||
| 999 |
_c14010 _d14010 |
||